000 00795cam a2200229 a 4500
001 17334146
003 OSt
005 20241019125052.0
008 120606s2012 enka b 001 0 eng
020 _a9780199609321 (pbk.)
040 _cCentral University Library
050 0 0 _aKD2057
_b.K47 2012
100 1 _aKershaw, David
_c(Professor of law)
245 1 0 _aCompany law in context :
_btext and materials /
_cDavid Kershaw.
250 _a2nd ed.
260 _aOxford, U.K. ;
_bOxford University Press,
_cc2012.
300 _aliii, 890 p. :
_bill. ;
_c25 cm.
650 0 _aCorporation law
_zGreat Britain.
700 _aKershaw, David
_cCompany law in context
_eauthor
856 4 1 _3Table of contents only
_uhttp://www.loc.gov/catdir/toc/fy13pdf01/2012941348.html
942 _2lcc
_cBK
_eSecond Ed.
_n0
999 _c76
_d76